000 00639nam a2200229Ia 4500
005 20250425162425.0
008 250425s9999 xx 000 0 und d
020 _a9588233607
041 _aspa
082 _a630
110 _aFUNDACION HOGARES JUVENILES CAMPESINOS
245 0 _aDESARROLLO ENDOGENO AGROPECUARIO. NUEVA BIBLIOTECA DEL CAMPO 21: EL AGUA
250 _a1A ED.
260 _aBOGOTA
260 _aColombia
_bFUNDACION HOGARES JUVENILES CAMPESINOS
_c2008
300 _a64
500 _aLA COLECCION INCLUYE 1 CD ROM Y 1 DVD
650 _aAGRICULTURA ORGANICA
650 _aAGUA
942 _c01
010 _a72620
999 _c228915
_d228915